000 01490nam a2200313 4500
001 373
003 OSt
005 20250528074019.0
008 250403b |||||||e |||| 00| 1 eng d
020 _a9788501009432
040 _bpor
041 _heng
_apor
082 _a823
_bF735p
100 1 _aForsyth, Frederick,
_d1938-
_9458
240 _aThe Shepherd
245 _aO pastor /
_cForsyth, Frederick ; Traduçãoi de A. B. Pinheiro de Lemos
250 _a13° edição
260 _aRio de Janeiro
_bRecord
_c1975
300 _a70 p.
520 _aNoite de Natal de 1957. Um jovem piloto da Royal Air Force recebe a licença para comemorar a data com a família, em Blighty, Reino Unido. Com um luar belíssimo, em um céu noturno e gélido da Alemanha, o piloto decola sozinho em seu avião de caça para sobrevoar a costa da Holanda, em direção ao Mar do Norte. Mas uma pane na aeronave muda o rumo do vôo. O piloto está perdido no nevoeiro e o avião começa a perder altitude. O rádio não funciona, nem o radar, nem o botão de transmissão, a agulha da bússola gira sem controle. O jovem sabe que morrerá em poucos minutos. Muito suspense aguarda pelo leitor de Forsyth nesta história curta e comovente.
650 0 _aLiteratura Inglesa
_989
650 0 _aSobrevivência
_9770
650 0 _aAventura
_947
650 0 _aSuspense
_910
655 0 _aRomance
_923
655 0 _aFicção
_922
700 _aA. B. Pinheiro de Lemos
_eTradutor
_9109
942 _2ddc
_n0
_cBK
999 _c373
_d373